駅絞り込みクイズ~近鉄編①~ - Statistics

General Stats
  • This quiz has been taken 60 times
  • The average score is 4 of 6
Answer Stats
該当数 条件 Answer % Correct
113 駅ナンバリングが30以上
100%
62 定期の急行列車が停車する
98%
34 乗降人員数が3000人未満(調査日:令和6年11月12日)
90%
5 1面1線の駅である
60%
3 市に所在する
46%
1 駅舎がある
25%
No matching quizzes found
Score Distribution
Percent of People with Each Score
Percentile by Number Answered
Your Score History
You have not taken this quiz